000 00613nam a2200193 a 4500
001 000038534
003 DO-SdBNP
005 20221122130335.0
007 ta
008 110707s1985 dr ab 000 0 spa d
040 _aDO-SdBNP
_bspa
_cBNPHU
082 4 _222
110 2 _aAmerican Chamber of Commerce of the Dominican Republic
_958119
245 1 0 _aDominican Republic investors handbook and business guide.
260 _a[Santo Domingo ] :
_bAmerican Chamber of Commerce of the Dominican Republic.,
_c1985.
300 _a330 p. :
_bil., map. ;
_c23 cm.
590 _aInventariado, 2022/BT
942 _2ddc
_cLBS1
999 _c38024
_d38024